| 000 | 00533nam a2200181Ia 4500 | ||
|---|---|---|---|
| 003 | GCL | ||
| 008 | 140319s9999 xx 000 0 ara d | ||
| 040 |
_aGCL / _cGCL |
||
| 082 | 0 | 4 |
_aد _b050 |
| 100 | 1 | _aعبدالعزيز النعمانى | |
| 245 | 1 | 0 |
_aعشاق المحروسة ( اقرا 583 ) / _cعبدالعزيز النعمانى |
| 300 | _a91 ص | ||
| 490 |
_aوثائق ونصوص _v0 |
||
| 650 | 0 | 4 | _aالادب العربى |
| 650 | 0 | 4 | _aالثقافة العربية |
| 650 | 0 | 4 | _aالائتمان |
| 942 |
_2ddc _cCF |
||
| 999 |
_c27395 _d27395 |
||